LEADER 01302nam a2200277 i 4500 001 991000665499707536 008 100331s2009 it 00 ita d 020 $a9788813281687 035 $ab13892216-39ule_inst 040 $aSet. Economia - SAGA$bita 082 04$a341.751 082 4$a343.04 100 1 $aTosi, Loris$0231322 245 10$aLineamenti di diritto tributario internazionale /$cLoris Tosi, Roberto Baggio 250 $a2. ed 260 $aPadova :$bCEDAM,$c2009 300 $aix, 162 p. ;$c24 cm 500 $aContiene: Aggiornamento al 10 ottobre 2009 con le novità apportate dal D.L. n. 78 del 2009 (c.d. decreto anti-crisi) come modificato dal D.L. n. 103 del 2009 convertito dalla L. n. 141 del 2009 700 1 $aBaggio, Roberto$eauthor$4http://id.loc.gov/vocabulary/relators/aut$0472865 907 $a.b13892216$b22-10-14$c31-03-10 912 $a991000665499707536 945 $aLE025 ECO 343 TOS01.01$g1$i2025000234352$lle025$nProf. Paparella$o-$pE13.00$q-$rl$s- $t0$u1$v0$w1$x0$y.i1513989x$z04-06-10 945 $aLE027 341.75 TOS01.02$g1$i2027000242849$lle027$o-$pE13.00$q-$rl$s- $t0$u6$v0$w6$x0$y.i15206257$z03-12-10 996 $aLinementi di diritto tributario internazionale$940631 997 $aUNISALENTO 998 $ale025$ale027$b31-03-10$cm$da $e-$fita$git $h0$i0